Every Austrian License Plate - Statistics

General Stats
  • This quiz has been taken 158 times
  • The average score is 71 of 142
Answer Stats
District % Correct
Salzburg (S)
99%
Eisenstadt (E)
98%
Innsbruck (I)
98%
Land Oberösterreich (O)
98%
Land Wien (W)
98%
Linz (L)
98%
Wien (W)
98%
Land Burgenland (B)
97%
Graz (G)
96%
Klagenfurt (K)
96%
Land Kärnten (K)
96%
Land Niederösterreich (N)
96%
Bregenz (B)
95%
Governmental Body (A)
95%
Land Tirol (T)
95%
Diplomatisches Korps in V (VD)
94%
Land Vorarlberg (V)
94%
Sankt Pölten (P)
94%
Liezen (LI)
70%
Salzburg/Umgebung (SL)
66%
Braunau (BR)
64%
Land Steiermark (ST)
64%
Leoben (LE)
62%
Dornbirn (DO)
60%
Wels (WE)
60%
Hallein (HA)
59%
Klagenfurt/Land (KL)
59%
Mattersburg (MA)
59%
Villach (VI)
59%
Landeck (LA)
58%
Spittal an der Drau (SP)
58%
Graz/Umgebung (GU)
57%
Kirchdorf/Krems (KI)
57%
Hermagor (HE)
56%
Reutte (RE)
56%
Steyr/Land (SE)
55%
Bruck/Leitha (BL)
54%
Kufstein (KU)
54%
Melk (ME)
54%
Schwaz (SZ)
54%
Südoststeiermark (SO)
54%
Feldkirchen (FE)
53%
Innsbruck/Land (IL)
53%
Tamsweg (TA)
53%
Amstetten (AM)
52%
Diplomatisches Korps in S (SD)
52%
Grieskirchen (GR)
52%
Mistelbach (MI)
52%
Schärding (SD)
52%
Baden (BN)
50%
Feldkirch (FK)
50%
Horn (HO)
50%
Korneuburg (KO)
50%
Krems/Land (KR)
50%
Murau (MU)
50%
Wolfsberg (WO)
50%
Bad Aussee (not in use, BA)
49%
Bad Radkersburg (not in use, RA)
49%
Eisenstadt/Umgebung (EU)
49%
Kitzbühel (KB)
49%
Lienz (LZ)
49%
Perg (PE)
49%
Steyr (SR)
49%
Villach/Land (VL)
49%
Wiener Neustadt (WN)
49%
Wien/Umgebung (not in use, WU)
49%
Bludenz (BZ)
48%
Krems an der Donau (KS)
48%
Linz/Land (LL)
48%
Rohrbach (RO)
48%
Scheibbs (SB)
48%
Gmunden (GM)
47%
Ried im Innkreis (RI)
47%
Tulln (TU)
47%
Sankt Pölten/Land (PL)
46%
Schwechat (SW)
46%
Wels/Land (WL)
46%
Diplomatisches Korps in B (BD)
45%
Kraftfahrtlinienverkehr Bundesbus (BD)
45%
Voitsberg (VO)
45%
Bruck-Mürzzuschlag (BM)
44%
Gmünd (GD)
44%
Güssing (GS)
44%
Leoben/Umgebung (LN)
44%
Sankt Veit an der Glan (SV)
44%
Hartberg (not in use, HB)
43%
Knittelfeld (not in use, KF)
43%
Leibnitz (LB)
43%
Deutschlandsberg (DL)
42%
Diplomatisches Korps in N (ND)
42%
Eferding (EF)
42%
Freistadt (FR)
42%
Gänserndorf (GF)
42%
Imst (IM)
42%
Neusiedl am See (ND)
42%
Sankt Johann im Pongau (JO)
41%
Gröbming (GB)
40%
Bundesgendarmerie (BG)
39%
Hartberg-Fürstenfeld (HF)
39%
Hollabrunn (HL)
39%
Murtal (MT)
39%
Oberwart (OW)
39%
Waidhofen/Thaya (WT)
39%
Wiener Neustadt/Land (WB)
39%
Zell am See (ZE)
39%
Diplomatisches Korps in K (KD)
38%
Jennersdorf (JE)
38%
Konsularkorps in N (NK)
38%
Mödling (MD)
38%
Neunkirchen (NK)
38%
Oberpullendorf (OP)
38%
Judenburg (not in use, JU)
37%
Konsularkorps im Land S (SK)
36%
Lilienfeld (LF)
36%
Mürzzuschlag (not in use, MZ)
36%
Urfahr/Umgebung (UU)
36%
Bundespolizei (BP)
35%
Fürstenfeld (not in use, FF)
35%
Bundesheer (BH)
34%
Diplomatisches Korps in W (WD)
34%
Vöcklabruck (VB)
34%
Waidhofen/Ybbs (WY)
34%
Diplomatisches Korps in OÖ (LD)
33%
Feldbach (not in use, FB)
32%
Diplomatisches Korps in T (TD)
30%
Konsularkorps in OÖ (LK)
30%
Völkermarkt (VK)
30%
Weiz (WZ)
30%
Feuerwehr (FW)
29%
Konsularkorps in K (KK)
28%
Post & Telekom Austria (PT)
27%
Konsularkorps in B (BK)
26%
Konsularkorps in W (WK)
26%
Zwettl (ZT)
26%
Finanzverwaltung (FV)
24%
Klosterneuburg (KG)
24%
Zollwache (not in use) (ZW)
24%
Konsularkorps in T (TK)
20%
Justizwache (JW)
15%
Bruck an der Mur (not in use, BM)
1%
Diplomatische Korps in ST (GD)
1%
Konsularkorps in ST (GK)
1%
No matching quizzes found
Score Distribution
Percent of People with Each Score
Percentile by Number Answered
Your Score History
You have not taken this quiz